Komerčné banky a investičné bankovníctvo - príklad Slovenska, Austrálie a USA. 4

Porovnanie výkonnosti 3 rozdielnych systémov usporiadania investičného bankovníctva. Najväčšia konkurencia pre komerčné banky - nebankové inštitúcie.

Salvato in:
Dettagli Bibliografici
Autore principale: Oravec, J.
Natura: Capitolo di libro
Lingua:slovacco
Soggetti:
Tags: Aggiungi Tag
Nessun Tag, puoi essere il primo ad aggiungerne!!

MARC

LEADER 00000naa a2200000 4500
001 r017588
005 20221205103001.1
041 0 |a slo 
044 |a SK 
245 1 0 |a Komerčné banky a investičné bankovníctvo - príklad Slovenska, Austrálie a USA. 4  |c J. Oravec 
520 |a Porovnanie výkonnosti 3 rozdielnych systémov usporiadania investičného bankovníctva. Najväčšia konkurencia pre komerčné banky - nebankové inštitúcie. 
610 2 0 |a bankovníctvo 
610 2 0 |a banky obchodné 
610 2 0 |a banky investičné 
610 2 0 |a Slovensko 
610 2 0 |a Austrália 
610 2 0 |a USA 
610 2 0 |a legislatíva 
610 2 0 |a služby bankové 
610 2 0 |a služby finančné 
610 2 0 |a trh finančný 
100 1 |a Oravec, J.